[Event "Hillerod  Klubmesterskab Gruppe B"]
[Site "Hillerod"]
[Date "????.??.??"]
[Round "1"]
[White "Jahic, Afan"]
[Black "Pedersen, Jan"]
[Result "0-1"]
[WhiteElo "1375"]
[BlackElo "1528"]
[PlyCount "90"]
[EventDate "2017.??.??"]
[EventType "tourn"]
[EventRounds "9"]
[EventCountry "DEN"]

1. e4 e5 2. Nf3 Nc6 3. Bb5 a6 4. Ba4 b5 5. Bb3 d6 6. h3 Na5 7. c3 Nxb3 8. axb3
Be7 9. O-O Nf6 10. Re1 O-O 11. d4 exd4 12. Nxd4 Bb7 13. Nd2 c5 14. Nf5 Re8 15.
e5 dxe5 16. Rxe5 Bd6 17. Rxe8+ Nxe8 18. Nxd6 Qxd6 19. Qe2 Nf6 20. Nf1 Re8 21.
Be3 Qd5 22. f3 Qxb3 23. Qf2 Qc4 24. Re1 h6 25. Ng3 Qe6 26. Bd2 Qd5 27. Rxe8+
Nxe8 28. Ne4 c4 29. Nc5 Nf6 30. Nxb7 Qxb7 31. Qh4 Qd5 32. Bxh6 Qd1+ 33. Kh2
Qd6+ 34. Bf4 Qd5 35. Bg5 Nh7 36. Bf4 g5 37. Qg4 f5 38. Qg3 Qd8 39. h4 Kf7 40.
Bxg5 Nxg5 41. Qxg5 Qxg5 42. hxg5 a5 43. Kg3 b4 44. Kf2 bxc3 45. bxc3 a4 0-1

[Event "Hillerod  Klubmesterskab Gruppe B"]
[Site "Hillerod"]
[Date "????.??.??"]
[Round "1"]
[White "Langer, Peter"]
[Black "Bagge, Kenny"]
[Result "1/2-1/2"]
[WhiteElo "1563"]
[BlackElo "1537"]
[PlyCount "35"]
[EventDate "2017.??.??"]
[EventType "tourn"]
[EventRounds "9"]
[EventCountry "DEN"]

1. d4 d5 2. Bf4 e6 3. e3 Bd6 4. Bxd6 Qxd6 5. c3 b6 6. Nf3 Bb7 7. Nbd2 Nd7 8.
Bd3 f5 9. Rc1 Ngf6 10. O-O O-O 11. c4 c5 12. cxd5 Bxd5 13. Nc4 Qe7 14. b3 Rac8
15. Re1 Kh8 16. Ncd2 Qd6 17. Nc4 Qe7 18. Ncd2 1/2-1/2

[Event "Hillerod  Klubmesterskab Gruppe B"]
[Site "Hillerod"]
[Date "????.??.??"]
[Round "1"]
[White "Nygaard, Soren"]
[Black "Malchau, Helge"]
[Result "1-0"]
[WhiteElo "1754"]
[BlackElo "1723"]
[PlyCount "86"]
[EventDate "2017.??.??"]
[EventType "tourn"]
[EventRounds "9"]
[EventCountry "DEN"]

1. d4 Nf6 2. c4 g6 3. Nf3 Bg7 4. g3 O-O 5. Bg2 d6 6. O-O c5 7. d5 Na6 8. a3 Rb8
9. Nc3 Nc7 10. e4 b5 11. Nd2 bxc4 12. Nxc4 Ba6 13. Qa4 Nd7 14. Re1 Ne5 15. Nxe5
Bxe5 16. Kh1 Qc8 17. f4 Bd4 18. e5 Kg7 19. Qd1 Qb7 20. Be3 Bxe3 21. Rxe3 Qxb2
22. Qc1 Qxc1+ 23. Rxc1 Nb5 24. Ne4 Bb7 25. exd6 exd6 26. a4 Nc7 27. Nxd6 Bxd5
28. Rec3 Bxg2+ 29. Kxg2 Rb2+ 30. Kh3 Ne6 31. f5 Ng5+ 32. Kg4 Rb4+ 33. Rc4 h6
34. h4 Nh7 35. Kh3 Nf6 36. a5 Rd8 37. Rxb4 cxb4 38. Nb7 Rd5 39. fxg6 fxg6 40.
Nc5 Rd2 41. Re1 Kf7 42. Rf1 Ke7 43. Rxf6 b3 1-0

[Event "Hillerod  Klubmesterskab Gruppe B"]
[Site "Hillerod"]
[Date "????.??.??"]
[Round "1"]
[White "Sorensen, Bernhard W"]
[Black "Christophersen, David"]
[Result "1-0"]
[WhiteElo "1679"]
[BlackElo "1794"]
[PlyCount "77"]
[EventDate "2017.??.??"]
[EventType "tourn"]
[EventRounds "9"]
[EventCountry "DEN"]

1. d4 c5 2. c3 e6 3. Bf4 cxd4 4. Qxd4 Nc6 5. Qd1 d5 6. e3 Nf6 7. Bd3 Be7 8. Nf3
Nh5 9. Bg3 Nxg3 10. hxg3 h6 11. Nbd2 e5 12. Bb5 e4 13. Nd4 Bd7 14. Qa4 a6 15.
Bxc6 bxc6 16. Qc2 O-O 17. c4 Qb6 18. O-O f5 19. N2b3 c5 20. Ne2 d4 21. exd4
cxd4 22. Nbxd4 Rab8 23. b3 Bc5 24. Rad1 Rbd8 25. Qc3 Bc8 26. Qb2 Rf6 27. b4
Rfd6 28. Nxf5 Bxf2+ 29. Kh2 Bxf5 30. Rxd6 Rxd6 31. c5 Bxc5 32. Rxf5 Qxb4 33.
Qe5 Rd2 34. Nf4 Bf8 35. Qe6+ Kh7 36. Qg6+ Kh8 37. Ne6 Rxg2+ 38. Kxg2 Qd2+ 39.
Kh3 1-0

[Event "Hillerod  Klubmesterskab Gruppe B"]
[Site "Hillerod"]
[Date "????.??.??"]
[Round "1"]
[White "Sorensen, Viggo"]
[Black "Rasmussen, Ole"]
[Result "0-1"]
[WhiteElo "1718"]
[BlackElo "1628"]
[PlyCount "46"]
[EventDate "2017.??.??"]
[EventType "tourn"]
[EventRounds "9"]
[EventCountry "DEN"]

1. e4 c5 2. Nf3 d6 3. d4 cxd4 4. Nxd4 Nf6 5. Nc3 g6 6. Be3 Bg7 7. f3 O-O 8. Qd2
Nc6 9. O-O-O d5 10. Nxc6 bxc6 11. exd5 Nxd5 12. Nxd5 cxd5 13. Qxd5 Qc7 14. Qxa8
Bf5 15. Qxf8+ Kxf8 16. Bd3 Qa5 17. Bxf5 gxf5 18. Rd7 Bxb2+ 19. Kd1 Qxa2 20. Ke2
Qc4+ 21. Kf2 f4 22. Bd2 Bd4+ 23. Ke1 Qe6+ 0-1

[Event "Hillerod  Klubmesterskab Gruppe B"]
[Site "Hillerod"]
[Date "????.??.??"]
[Round "2"]
[White "Christophersen, David"]
[Black "Bagge, Kenny"]
[Result "0-1"]
[WhiteElo "1794"]
[BlackElo "1537"]
[PlyCount "60"]
[EventDate "2017.??.??"]
[EventType "tourn"]
[EventRounds "9"]
[EventCountry "DEN"]

1. c4 e5 2. g3 Nf6 3. Bg2 Nc6 4. Nc3 Bb4 5. d3 O-O 6. e4 a5 7. Nge2 d6 8. O-O
Bg4 9. Qc2 Qd7 10. Bg5 Nh5 11. Be3 Bh3 12. f4 Bxg2 13. Kxg2 exf4 14. Nxf4 Nxf4+
15. Rxf4 Bxc3 16. Qxc3 Ne5 17. Raf1 f6 18. h3 c5 19. Rf5 b5 20. Bf4 g6 21. Bxe5
gxf5 22. Bxf6 b4 23. Qd2 Rxf6 24. g4 f4 25. g5 Qg7 26. Kh2 Rf7 27. Qg2 f3 28.
Qg4 Qxb2+ 29. Kh1 Qg2+ 30. Qxg2 fxg2+ 0-1

[Event "Hillerod  Klubmesterskab Gruppe B"]
[Site "Hillerod"]
[Date "????.??.??"]
[Round "2"]
[White "Malchau, Helge"]
[Black "Langer, Peter"]
[Result "1-0"]
[WhiteElo "1723"]
[BlackElo "1563"]
[PlyCount "57"]
[EventDate "2017.??.??"]
[EventType "tourn"]
[EventRounds "9"]
[EventCountry "DEN"]

1. d4 Nf6 2. c4 e6 3. Nf3 b6 4. g3 Bb7 5. Bg2 c5 6. O-O Be7 7. Nc3 d6 8. b3 O-O
9. Bb2 Nbd7 10. Re1 a6 11. e4 Qc7 12. e5 cxd4 13. exf6 Bxf6 14. Nxd4 Bxg2 15.
Kxg2 e5 16. Nf5 Rad8 17. Qxd6 Qb7+ 18. Qd5 Qc8 19. Ne4 Qb8 20. Qd6 Qb7 21. Kg1
Kh8 22. Qd1 Nb8 23. Qe2 Qc6 24. Ba3 Rfe8 25. Rad1 Nd7 26. Nfd6 Re7 27. Nxf6
gxf6 28. Qh5 Rf8 29. Nf5 1-0

[Event "Hillerod  Klubmesterskab Gruppe B"]
[Site "Hillerod"]
[Date "????.??.??"]
[Round "2"]
[White "Pedersen, Jan"]
[Black "Nygaard, Soren"]
[Result "1-0"]
[WhiteElo "1528"]
[BlackElo "1754"]
[PlyCount "57"]
[EventDate "2017.??.??"]
[EventType "tourn"]
[EventRounds "9"]
[EventCountry "DEN"]

1. d4 Nf6 2. c4 g6 3. Nc3 d5 4. cxd5 Nxd5 5. Qa4+ Bd7 6. Qb3 Nxc3 7. bxc3 Qc8
8. e3 Bg7 9. Ba3 Qd8 10. Qxb7 Bc6 11. Bb5 Qd7 12. Qxa8 O-O 13. Bxc6 Nxc6 14.
Qb7 Rb8 15. Qa6 Rb6 16. Qd3 Ne5 17. Qe4 Nc6 18. Nf3 f5 19. Qc2 e5 20. O-O e4
21. Nd2 g5 22. Nc4 Ra6 23. Qb3 Kh8 24. Ne5 Bxe5 25. dxe5 Rb6 26. Qa4 Qe6 27.
Rab1 Qe8 28. Rxb6 cxb6 29. Rd1 1-0

[Event "Hillerod  Klubmesterskab Gruppe B"]
[Site "Hillerod"]
[Date "????.??.??"]
[Round "2"]
[White "Rasmussen, Ole"]
[Black "Jahic, Afan"]
[Result "1-0"]
[WhiteElo "1628"]
[BlackElo "1375"]
[PlyCount "71"]
[EventDate "2017.??.??"]
[EventType "tourn"]
[EventRounds "9"]
[EventCountry "DEN"]

1. e4 c5 2. Nf3 d6 3. d4 cxd4 4. Nxd4 Nf6 5. Nc3 g6 6. Be3 Bg7 7. f3 O-O 8. Qd2
Nc6 9. Bc4 e6 10. Bb3 a6 11. O-O-O Qc7 12. Nxc6 Qxc6 13. Qxd6 Qxd6 14. Rxd6 b5
15. a3 Re8 16. Rhd1 Bb7 17. Ne2 h5 18. h4 Rac8 19. Kb1 Kh7 20. Ng1 Re7 21. Nh3
Rec7 22. Ng5+ Kg8 23. Nxe6 Rc6 24. Nxg7 Kxg7 25. Rxc6 Rxc6 26. e5 Ng8 27. Bd5
Rc7 28. Bxb7 Rxb7 29. Rd6 Ne7 30. Rxa6 Nf5 31. Bg5 Rd7 32. Bf6+ Kh7 33. Kc1 Ne3
34. Rd6 Rc7 35. Rd2 Nc4 36. Rd8 1-0

[Event "Hillerod  Klubmesterskab Gruppe B"]
[Site "Hillerod"]
[Date "????.??.??"]
[Round "2"]
[White "Sorensen, Bernhard W"]
[Black "Sorensen, Viggo"]
[Result "1-0"]
[WhiteElo "1679"]
[BlackElo "1718"]
[PlyCount "77"]
[EventDate "2017.??.??"]
[EventType "tourn"]
[EventRounds "9"]
[EventCountry "DEN"]

1. d4 e6 2. Bf4 Nf6 3. e3 Be7 4. Bd3 O-O 5. c3 c5 6. Nd2 Nc6 7. Ngf3 Nh5 8. Bg3
f5 9. Ne5 Nxg3 10. hxg3 Qe8 11. g4 cxd4 12. exd4 d6 13. Nec4 e5 14. Qb3 Kh8 15.
d5 e4 16. Nxe4 fxe4 17. Bxe4 Nd8 18. Rxh7+ Kg8 19. Ne3 Bg5 20. Qc2 Bxe3 21.
fxe3 Bxg4 22. Rh4 Qb5 23. Bh7+ Kf7 24. Rxg4 Qxd5 25. Qg6+ Ke7 26. Qxg7+ Rf7 27.
Qg6 Qb5 28. O-O-O Qd7 29. Re4+ Ne6 30. Bg8 Rxg8 31. Qxg8 Qc6 32. Qg4 Qd7 33.
Qg5+ Kf8 34. Qh6+ Ke7 35. g4 Rf6 36. Qh4 Kf7 37. Qh7+ Ng7 38. g5 Qf5 39. Qh4
1-0

[Event "Hillerod  Klubmesterskab Gruppe B"]
[Site "Hillerod"]
[Date "????.??.??"]
[Round "3"]
[White "Bagge, Kenny"]
[Black "Malchau, Helge"]
[Result "1/2-1/2"]
[WhiteElo "1537"]
[BlackElo "1723"]
[PlyCount "98"]
[EventDate "2017.??.??"]
[EventType "tourn"]
[EventRounds "9"]
[EventCountry "DEN"]

1. e4 c6 2. Bc4 d5 3. Bb3 dxe4 4. Qh5 g6 5. Qh4 Nf6 6. Nc3 Bg7 7. f3 exf3 8.
Nxf3 O-O 9. d4 b5 10. Bh6 Bg4 11. Bxg7 Kxg7 12. h3 Bxf3 13. gxf3 a5 14. a3 a4
15. Ba2 Na6 16. O-O-O Nc7 17. Rhg1 e6 18. Qg3 Nfd5 19. Ne4 f6 20. Nc5 Re8 21.
h4 Ne3 22. Rd2 Nf5 23. Qg4 Nd5 24. f4 Nfe3 25. Qf3 f5 26. h5 Ng4 27. Rxg4 fxg4
28. Qxg4 Qf6 29. hxg6 hxg6 30. Nd3 Qf5 31. Qg3 Rac8 32. Rg2 Rh8 33. Rg1 Rh6 34.
c3 Qh3 35. Qe1 Qe3+ 36. Qxe3 Nxe3 37. Bxe6 Rc7 38. Ne5 Kf6 39. Bd7 c5 40. dxc5
Rxc5 41. Be8 Nf5 42. Nd7+ Ke7 43. Re1+ Kd6 44. Nxc5 Kxc5 45. Re5+ Kc4 46. Bxb5+
Kb3 47. Bc6 Rh2 48. Kb1 Rxb2+ 49. Kc1 Rc2+ 1/2-1/2

[Event "Hillerod  Klubmesterskab Gruppe B"]
[Site "Hillerod"]
[Date "????.??.??"]
[Round "3"]
[White "Jahic, Afan"]
[Black "Sorensen, Bernhard W"]
[Result "0-1"]
[WhiteElo "1375"]
[BlackElo "1679"]
[PlyCount "86"]
[EventDate "2017.??.??"]
[EventType "tourn"]
[EventRounds "9"]
[EventCountry "DEN"]

1. e4 e6 2. d4 d5 3. Nc3 dxe4 4. Nxe4 Bd7 5. Nf3 Bc6 6. Ng3 Nd7 7. Be3 Ngf6 8.
Bd3 Be7 9. O-O Nd5 10. Re1 Nb4 11. Bc4 Bxf3 12. gxf3 h5 13. c3 h4 14. Ne4 Nd5
15. h3 c6 16. Qd2 Qc7 17. Bxd5 cxd5 18. Bf4 e5 19. dxe5 dxe4 20. e6 Ne5 21.
exf7+ Kxf7 22. Qd5+ Kf6 23. Qxe4 Bd6 24. Qd5 Kf5 25. Qe4+ Kf6 26. Re3 Rae8 27.
Rd1 Nxf3+ 28. Qxf3 Bxf4 29. Rd4 g5 30. Rxe8 Rxe8 31. Qh5 Re1+ 32. Kg2 Qc6+ 33.
f3 Kg7 34. Qg4 Re2+ 35. Kf1 Qb5 36. Rxf4 Rxb2+ 37. Kg1 Rb1+ 38. Kf2 Qb2+ 39.
Ke3 Qxc3+ 40. Ke4 Re1+ 41. Kd5 Re5+ 42. Kd6 Qc5+ 43. Kd7 Re7+ 0-1

[Event "Hillerod  Klubmesterskab Gruppe B"]
[Site "Hillerod"]
[Date "????.??.??"]
[Round "3"]
[White "Langer, Peter"]
[Black "Pedersen, Jan"]
[Result "1/2-1/2"]
[WhiteElo "1563"]
[BlackElo "1528"]
[PlyCount "62"]
[EventDate "2017.??.??"]
[EventType "tourn"]
[EventRounds "9"]
[EventCountry "DEN"]

1. d4 d5 2. Bf4 Bg4 3. h3 Bh5 4. Nf3 e6 5. Nbd2 Nf6 6. c3 Bd6 7. Qa4+ Nbd7 8.
e3 O-O 9. Bd3 Bxf4 10. exf4 Bg6 11. Bxg6 fxg6 12. g3 Nb6 13. Qb3 h6 14. O-O Qd7
15. Ne5 Qe8 16. Qc2 g5 17. Ng6 gxf4 18. Nxf4 Nh5 19. Ng6 Rf6 20. Ne5 Nd7 21.
Ndf3 Nxe5 22. Nxe5 Rf8 23. Rae1 Nf6 24. Qe2 Ne4 25. Kg2 Rf5 26. f3 Ng5 27. g4
Rf6 28. h4 Nf7 29. f4 Nxe5 30. dxe5 Rf7 31. Qd3 Qa4 1/2-1/2

[Event "Hillerod  Klubmesterskab Gruppe B"]
[Site "Hillerod"]
[Date "????.??.??"]
[Round "3"]
[White "Nygaard, Soren"]
[Black "Rasmussen, Ole"]
[Result "1-0"]
[WhiteElo "1754"]
[BlackElo "1628"]
[PlyCount "91"]
[EventDate "2017.??.??"]
[EventType "tourn"]
[EventRounds "9"]
[EventCountry "DEN"]

1. d4 Nf6 2. c4 e6 3. Nc3 d5 4. cxd5 exd5 5. Bg5 Be7 6. e3 Nbd7 7. Bd3 c6 8.
Nge2 h6 9. Bh4 O-O 10. O-O b6 11. Rc1 Bb7 12. f3 c5 13. Bf2 Rc8 14. Re1 cxd4
15. Nxd4 a6 16. a3 Re8 17. Bb1 b5 18. Ba2 Ne5 19. Qe2 Nc4 20. Red1 Bc5 21. Bxc4
bxc4 22. Qc2 Bxd4 23. Rxd4 Qe7 24. Rcd1 Qe6 25. Ne2 Rcd8 26. Ng3 Qc8 27. Nf5
Re5 28. e4 Rde8 29. Nd6 Qc7 30. Nxe8 Rxe8 31. Bg3 Qc5 32. e5 Nh5 33. Bf2 Qb5
34. g4 Rxe5 35. gxh5 Rxh5 36. Bg3 Qb6 37. Qe2 Kf8 38. Kg2 Bc8 39. Kh1 Be6 40.
Be1 Rf5 41. Bc3 Qd8 42. Rg4 h5 43. Rxg7 Rg5 44. Rxg5 Qxg5 45. Rg1 Qf5 46. Qf2
1-0

[Event "Hillerod  Klubmesterskab Gruppe B"]
[Site "Hillerod"]
[Date "????.??.??"]
[Round "3"]
[White "Sorensen, Viggo"]
[Black "Christophersen, David"]
[Result "1/2-1/2"]
[WhiteElo "1718"]
[BlackElo "1794"]
[PlyCount "39"]
[EventDate "2017.??.??"]
[EventType "tourn"]
[EventRounds "9"]
[EventCountry "DEN"]

1. e4 c5 2. Nf3 g6 3. d4 cxd4 4. Nxd4 Nf6 5. Nc3 Nc6 6. Be3 Bg7 7. f3 O-O 8.
Qd2 d5 9. exd5 Nxd5 10. Nxc6 bxc6 11. Nxd5 cxd5 12. c3 a5 13. Be2 Ba6 14. O-O
Bxe2 15. Qxe2 Qc7 16. Rad1 e6 17. Rfe1 Rfe8 18. Bd4 Bxd4+ 19. Rxd4 Qb6 20. Kh1
1/2-1/2

[Event "Hillerod  Klubmesterskab Gruppe B"]
[Site "Hillerod"]
[Date "????.??.??"]
[Round "4"]
[White "Christophersen, David"]
[Black "Malchau, Helge"]
[Result "1-0"]
[WhiteElo "1794"]
[BlackElo "1723"]
[PlyCount "55"]
[EventDate "2017.??.??"]
[EventType "tourn"]
[EventRounds "9"]
[EventCountry "DEN"]

1. c4 e5 2. g3 Nf6 3. Bg2 d5 4. cxd5 Nxd5 5. Nc3 Nxc3 6. bxc3 Bd6 7. Nf3 O-O 8.
O-O Nd7 9. Qc2 Nf6 10. d4 exd4 11. cxd4 Re8 12. Re1 c6 13. e4 Bc7 14. e5 Nd5
15. Ng5 g6 16. h4 Bf5 17. Be4 Ba5 18. Bd2 Ne7 19. Qb3 Rf8 20. Bxa5 Qxa5 21.
Bxf5 Nxf5 22. e6 Nxd4 23. exf7+ Kg7 24. Qb2 c5 25. Ne6+ Kxf7 26. Qxb7+ Kf6 27.
Qg7+ Kf5 28. Qe5+ 1-0

[Event "Hillerod  Klubmesterskab Gruppe B"]
[Site "Hillerod"]
[Date "????.??.??"]
[Round "4"]
[White "Pedersen, Jan"]
[Black "Bagge, Kenny"]
[Result "0-1"]
[WhiteElo "1528"]
[BlackElo "1537"]
[PlyCount "78"]
[EventDate "2017.??.??"]
[EventType "tourn"]
[EventRounds "9"]
[EventCountry "DEN"]

1. d4 Nf6 2. c4 e5 3. dxe5 Ne4 4. Nf3 b6 5. Qd5 Bb7 6. Qxb7 Nc6 7. Qa6 Bb4+ 8.
Bd2 Nc5 9. Qb5 a6 10. Qxb4 Nxb4 11. Bxb4 a5 12. Bxc5 bxc5 13. g3 a4 14. Bg2 Qb8
15. O-O Qxb2 16. Nbd2 c6 17. Rfb1 Qc3 18. Ne4 Qc2 19. Nd6+ Ke7 20. e3 Rab8 21.
Rc1 Qb2 22. Ne4 Qa3 23. Bf1 Rb2 24. Ne1 Rxa2 25. Rab1 Rb2 26. Rc3 Qa2 27. Rxb2
Qxb2 28. Nd3 Qa1 29. Rc1 Qa2 30. Ndxc5 a3 31. Nc3 Qb2 32. Nd3 Qd2 33. Nb1 Qa5
34. Nxa3 Qxa3 35. Rb1 Qa2 36. Rc1 Rb8 37. Rd1 Rb1 38. Rxb1 Qxb1 39. Nf4 Qa1 0-1

[Event "Hillerod  Klubmesterskab Gruppe B"]
[Site "Hillerod"]
[Date "????.??.??"]
[Round "4"]
[White "Rasmussen, Ole"]
[Black "Langer, Peter"]
[Result "1-0"]
[WhiteElo "1628"]
[BlackElo "1563"]
[PlyCount "88"]
[EventDate "2017.??.??"]
[EventType "tourn"]
[EventRounds "9"]
[EventCountry "DEN"]

1. e4 b6 2. d4 Bb7 3. Nc3 e6 4. Bd3 Nf6 5. Nf3 c5 6. dxc5 Bxc5 7. Bg5 h6 8. Bh4
Be7 9. Bg3 d6 10. Qd2 Nbd7 11. O-O O-O 12. Rfe1 Nc5 13. Rad1 a6 14. Qe2 Nh5 15.
a3 Nxg3 16. hxg3 Qc7 17. Bc4 b5 18. Ba2 Rac8 19. Nd4 Rfe8 20. Qg4 Bf6 21. Kh2
Bxd4 22. Rxd4 Nd7 23. Qd1 d5 24. exd5 e5 25. d6 Qd8 26. Rh4 Qf6 27. Ne4 Bxe4
28. Rhxe4 Rc6 29. Rd4 Rf8 30. Rd2 Rd8 31. Bd5 Rcc8 32. Bb7 Rc5 33. b4 Rc3 34.
Bxa6 Ra8 35. Bxb5 Qf5 36. Bxd7 Qxd7 37. Rxe5 Rcxa3 38. Re7 Qd8 39. Qh5 Qf8 40.
Qe5 Rd8 41. d7 Raa8 42. Re2 f6 43. Qe6+ Kh7 44. Re8 Rxe8 1-0

[Event "Hillerod  Klubmesterskab Gruppe B"]
[Site "Hillerod"]
[Date "????.??.??"]
[Round "4"]
[White "Sorensen, Bernhard W"]
[Black "Nygaard, Soren"]
[Result "1/2-1/2"]
[WhiteElo "1679"]
[BlackElo "1754"]
[PlyCount "151"]
[EventDate "2017.??.??"]
[EventType "tourn"]
[EventRounds "9"]
[EventCountry "DEN"]

1. d4 Nf6 2. Bf4 d5 3. e3 Bf5 4. Nf3 Nbd7 5. Nbd2 Nh5 6. Bg5 h6 7. Bh4 g5 8.
Bg3 Nxg3 9. hxg3 Bg7 10. c3 c6 11. Be2 e5 12. dxe5 Nxe5 13. Nxe5 Bxe5 14. Nf3
Bg7 15. Nd4 Bg6 16. Bh5 Qe7 17. Bxg6 fxg6 18. Qd3 Qf7 19. O-O-O O-O-O 20. Rhf1
c5 21. Nc2 Rd7 22. Kb1 Rhd8 23. Qb5 Rc7 24. Qe2 Qf6 25. Qf3 Qxf3 26. gxf3 Rf7
27. f4 gxf4 28. exf4 Rfd7 29. Rc1 Rd6 30. Rfe1 Rb6 31. Ne3 Rbd6 32. Nc2 Kc7 33.
Re7+ R8d7 34. Re8 b6 35. Na3 a6 36. Nc2 b5 37. a3 Kb7 38. Rce1 Kc7 39. Ra8 Bf6
40. Rg8 Bd8 41. Rge8 Rf7 42. R1e6 Rf6 43. Re5 Kd7 44. Ne3 Rfe6 45. R8xe6 Rxe6
46. Rxd5+ Rd6 47. Rxc5 Bb6 48. Rd5 Rxd5 49. Nxd5 Bxf2 50. g4 Kd6 51. Nb4 a5 52.
Nd3 Bg3 53. Kc2 h5 54. gxh5 gxh5 55. Kd1 h4 56. Ke2 Kd5 57. Kf3 Kc4 58. Nf2 b4
59. cxb4 axb4 60. a4 b3 61. Nh3 Kb4 62. Ke4 Kxa4 63. Kd3 Kb4 64. Kd4 Be1 65.
Kd3 Kc5 66. f5 Bg3 67. Kc3 Be5+ 68. Kxb3 Kd6 69. Kc2 Ke7 70. Kd3 Bxb2 71. Ke4
Kf6 72. Kf4 Be5+ 73. Kg4 Bg3 74. Ng1 Bf2 75. Nf3 Bg3 76. Nxh4 1/2-1/2

[Event "Hillerod  Klubmesterskab Gruppe B"]
[Site "Hillerod"]
[Date "????.??.??"]
[Round "4"]
[White "Sorensen, Viggo"]
[Black "Jahic, Afan"]
[Result "1-0"]
[WhiteElo "1718"]
[BlackElo "1375"]
[PlyCount "41"]
[EventDate "2017.??.??"]
[EventType "tourn"]
[EventRounds "9"]
[EventCountry "DEN"]

1. e4 c5 2. Nf3 d6 3. d4 cxd4 4. Nxd4 Nf6 5. Nc3 a6 6. Be3 e6 7. f3 Be7 8. Qd2
O-O 9. O-O-O Nbd7 10. g4 h6 11. h4 e5 12. Nf5 h5 13. Bg5 b5 14. gxh5 Re8 15.
Nxe7+ Qxe7 16. Nd5 Qd8 17. Bh3 Kf8 18. h6 g6 19. Bxd7 Bxd7 20. Bxf6 Qc8 21. h7
1-0

[Event "Hillerod  Klubmesterskab Gruppe B"]
[Site "Hillerod"]
[Date "????.??.??"]
[Round "5"]
[White "Bagge, Kenny"]
[Black "Rasmussen, Ole"]
[Result "1-0"]
[WhiteElo "1537"]
[BlackElo "1628"]
[PlyCount "87"]
[EventDate "2017.??.??"]
[EventType "tourn"]
[EventRounds "9"]
[EventCountry "DEN"]

1. e4 c5 2. Nf3 d6 3. c4 Nc6 4. d4 cxd4 5. Nxd4 Nf6 6. Nc3 g6 7. Be3 Bg7 8. f3
O-O 9. Be2 Bd7 10. O-O a6 11. Qd2 Rc8 12. Rac1 Nxd4 13. Bxd4 Bc6 14. b4 Bd7 15.
Rfd1 Be6 16. Na4 Nd7 17. Be3 Ne5 18. Nb6 Rc6 19. c5 Nd7 20. Na4 Qb8 21. b5 axb5
22. Bxb5 Rcc8 23. Bxd7 Bxd7 24. Nb6 Be6 25. Nxc8 Rxc8 26. cxd6 Rxc1 27. Rxc1
exd6 28. Qa5 Bf6 29. Bb6 Be5 30. g3 h5 31. f4 Bf6 32. a4 h4 33. Qa7 Qe8 34. Rc7
hxg3 35. hxg3 d5 36. e5 Bd8 37. Rxb7 Qc6 38. Bxd8 Qc1+ 39. Kg2 Qc2+ 40. Qf2
Bh3+ 41. Kg1 Qd1+ 42. Kh2 Bf5 43. Bf6 Be4 44. Rb8+ 1-0

[Event "Hillerod  Klubmesterskab Gruppe B"]
[Site "Hillerod"]
[Date "????.??.??"]
[Round "5"]
[White "Jahic, Afan"]
[Black "Christophersen, David"]
[Result "0-1"]
[WhiteElo "1375"]
[BlackElo "1794"]
[PlyCount "42"]
[EventDate "2017.??.??"]
[EventType "tourn"]
[EventRounds "9"]
[EventCountry "DEN"]

1. e4 c5 2. Nf3 g6 3. d4 cxd4 4. Nxd4 Nc6 5. Be3 Bg7 6. Be2 d6 7. Nc3 Nf6 8. f3
O-O 9. g4 Nd7 10. h4 Re8 11. h5 Qb6 12. Ncb5 a6 13. h6 Bh8 14. Nxc6 Qxe3 15.
Nc7 bxc6 16. Nxe8 Ne5 17. c3 Nxf3+ 18. Kf1 Bxg4 19. Bxf3 Bxf3 20. Rh3 Be2+ 21.
Kg2 Qxe4+ 0-1

[Event "Hillerod  Klubmesterskab Gruppe B"]
[Site "Hillerod"]
[Date "????.??.??"]
[Round "5"]
[White "Langer, Peter"]
[Black "Sorensen, Bernhard W"]
[Result "0-1"]
[WhiteElo "1563"]
[BlackElo "1679"]
[PlyCount "104"]
[EventDate "2017.??.??"]
[EventType "tourn"]
[EventRounds "9"]
[EventCountry "DEN"]

1. b3 d5 2. Bb2 Bf5 3. e3 e6 4. Nf3 Nf6 5. h3 h6 6. Be2 Bd6 7. O-O Nbd7 8. d4
O-O 9. Nbd2 c6 10. c4 Ne4 11. cxd5 exd5 12. Nxe4 Bxe4 13. Bd3 Nf6 14. Ne5 Re8
15. f4 Bxd3 16. Qxd3 Ne4 17. Rf3 Rc8 18. Raf1 Qa5 19. Ra1 Qd2 20. Qxd2 Nxd2 21.
Rf2 Ne4 22. Rf3 Rc7 23. Rd1 Rce7 24. a3 Bc7 25. b4 Kh7 26. Rd3 h5 27. Rd1 f6
28. Nd3 Nd6 29. Bc1 Nf5 30. Kf2 b6 31. g4 Nh4 32. Rg3 g5 33. gxh5 gxf4 34. Nxf4
Bxf4 35. exf4 Re2+ 36. Kf1 Rh2 37. Rd2 Rh1+ 38. Rg1 Rxg1+ 39. Kxg1 Nf3+ 40. Kf2
Nxd2 41. Bxd2 f5 42. Kf3 Rg8 43. Be3 Kh6 44. Bf2 Kxh5 45. Bg3 a5 46. bxa5 bxa5
47. Bf2 a4 48. h4 Rb8 49. Be1 Rb3+ 50. Kg2 Rxa3 51. Bb4 Rd3 52. Bc5 a3 0-1

[Event "Hillerod  Klubmesterskab Gruppe B"]
[Site "Hillerod"]
[Date "????.??.??"]
[Round "5"]
[White "Malchau, Helge"]
[Black "Pedersen, Jan"]
[Result "1/2-1/2"]
[WhiteElo "1723"]
[BlackElo "1528"]
[PlyCount "65"]
[EventDate "2017.??.??"]
[EventType "tourn"]
[EventRounds "9"]
[EventCountry "DEN"]

1. d4 d5 2. c4 e6 3. Nc3 Nf6 4. Nf3 Be7 5. Bg5 O-O 6. e3 Ne4 7. Bxe7 Qxe7 8.
Bd3 f5 9. O-O c6 10. Ne5 Nd7 11. f4 Nxc3 12. bxc3 Nxe5 13. fxe5 dxc4 14. Bxc4
b5 15. Bb3 Qg5 16. Qf3 Bd7 17. Qf4 Qxf4 18. exf4 a5 19. a4 Rfc8 20. Rfd1 Rc7
21. Rac1 Bc8 22. c4 b4 23. Kf2 Kf7 24. d5 cxd5 25. cxd5 Rxc1 26. Rxc1 Ke7 27.
d6+ Ke8 28. Rc7 Bd7 29. Ke3 Rc8 30. Rxc8+ Bxc8 31. Kd4 Kd7 32. Kc5 Bb7 33. Kd4
1/2-1/2

[Event "Hillerod  Klubmesterskab Gruppe B"]
[Site "Hillerod"]
[Date "????.??.??"]
[Round "5"]
[White "Nygaard, Soren"]
[Black "Sorensen, Viggo"]
[Result "1-0"]
[WhiteElo "1754"]
[BlackElo "1718"]
[PlyCount "57"]
[EventDate "2017.??.??"]
[EventType "tourn"]
[EventRounds "9"]
[EventCountry "DEN"]

1. d4 f5 2. Bg5 g6 3. c4 Bg7 4. Nc3 Nf6 5. e3 d6 6. Nf3 Na6 7. Be2 c6 8. O-O
O-O 9. Re1 Qe8 10. a3 Nc7 11. Qc2 e5 12. dxe5 dxe5 13. Rad1 e4 14. Nd4 Qf7 15.
b4 Ne6 16. Nxe6 Bxe6 17. Na4 b5 18. Nc5 Bxc4 19. Bxf6 Bxf6 20. Rd7 Qe8 21.
Bxc4+ bxc4 22. Qxc4+ Kh8 23. Red1 Rd8 24. Rxd8 Bxd8 25. Ne6 Qf7 26. Qxc6 Qf6
27. Qd7 Be7 28. Nxf8 Qxf8 29. Qxa7 1-0

[Event "Hillerod  Klubmesterskab Gruppe B"]
[Site "Hillerod"]
[Date "????.??.??"]
[Round "6"]
[White "Christophersen, David"]
[Black "Pedersen, Jan"]
[Result "1-0"]
[WhiteElo "1794"]
[BlackElo "1528"]
[PlyCount "47"]
[EventDate "2017.??.??"]
[EventType "tourn"]
[EventRounds "9"]
[EventCountry "DEN"]

1. c4 e5 2. g3 Nf6 3. Bg2 Bc5 4. Nc3 O-O 5. e4 d6 6. Nge2 Nc6 7. Na4 Bd4 8.
Nxd4 Nxd4 9. O-O Bg4 10. f3 Bh5 11. d3 h6 12. Nc3 Qd7 13. Be3 c5 14. Qd2 Bg6
15. f4 Ng4 16. Bh3 f5 17. Bxg4 fxg4 18. f5 Bh7 19. Bxd4 cxd4 20. Nd5 g5 21.
fxg6 Bxg6 22. Nf6+ Rxf6 23. Rxf6 Qg7 24. Raf1 1-0

[Event "Hillerod  Klubmesterskab Gruppe B"]
[Site "Hillerod"]
[Date "????.??.??"]
[Round "6"]
[White "Jahic, Afan"]
[Black "Nygaard, Soren"]
[Result "0-1"]
[WhiteElo "1375"]
[BlackElo "1754"]
[PlyCount "60"]
[EventDate "2017.??.??"]
[EventType "tourn"]
[EventRounds "9"]
[EventCountry "DEN"]

1. e4 c5 2. Nf3 Nc6 3. d4 cxd4 4. Nxd4 Nf6 5. Nc3 e5 6. Ndb5 d6 7. Nd5 Nxd5 8.
exd5 Nb8 9. Be3 a6 10. Nc3 Be7 11. Bd3 O-O 12. Qd2 f5 13. f3 Nd7 14. O-O-O Nc5
15. h4 b5 16. a3 Rb8 17. Ne2 Qc7 18. Kb1 Nxd3 19. Qxd3 f4 20. Bd2 Bf5 21. Qc3
Qb7 22. Qb3 Rfc8 23. Bc3 Qc7 24. g4 Bd7 25. h5 h6 26. Qb4 Bd8 27. Ng1 a5 28.
Qe4 Qc5 29. Rd2 b4 30. axb4 axb4 0-1